| 000 | 00458nam a2200133Ia 4500 | ||
|---|---|---|---|
| 008 | 170221s9999 xx 000 0 und d | ||
| 100 | _aXin Chang | ||
| 245 | _aIndustry Expertise, Information Leakage and the Choice of M&A Advisors (pages 191–225) | ||
| 245 | _cXin Chang, Chander Shekhar, Lewis H. K. Tam and Jiaquan Yao | ||
| 260 | _c2012 | ||
| 300 | _a6 : | ||
| 650 | _xBusiness | ||
| 856 | _uhttp://onlinelibrary.wiley.com/doi/10.1111/jbfa.12165/epdf | ||
| 999 |
_c313377 _d313377 |
||